Loading...
| Auditory Arts | 9 | 10.00 | 67% | 33% | 0% |
| Beliefs | 11 | 15.45 | 82% | 73% | 0% |
| Current Events | 2 | 25.00 | 100% | 100% | 50% |
| Fine Arts - Other Arts | 3 | 20.00 | 100% | 100% | 0% |
| Geography | 1 | 10.00 | 100% | 0% | 0% |
| History - American History | 2 | 20.00 | 100% | 100% | 0% |
| History - Ancient History | 4 | 15.00 | 100% | 25% | 25% |
| History - European History | 3 | 16.67 | 100% | 33% | 33% |
| History - Other History | 2 | 20.00 | 100% | 50% | 50% |
| History - World History | 4 | 15.00 | 75% | 50% | 25% |
| Literature - American Literature | 3 | 10.00 | 100% | 0% | 0% |
| Literature - British Literature | 9 | 12.22 | 100% | 22% | 0% |
| Literature - European Literature | 2 | 15.00 | 100% | 50% | 0% |
| Literature - World Literature | 6 | 11.67 | 83% | 33% | 0% |
| Philosophy | 5 | 6.00 | 20% | 40% | 0% |
| Science - Chemistry | 5 | 16.00 | 100% | 60% | 0% |
| Science - Other Science | 5 | 14.00 | 80% | 40% | 20% |
| Science - Physics | 4 | 22.50 | 100% | 100% | 25% |
| Social Science | 11 | 16.36 | 100% | 64% | 0% |
| Visual Arts | 6 | 8.33 | 50% | 17% | 17% |